| 000 | 00782 a2200217 4500 | ||
|---|---|---|---|
| 020 | _a0071163808 (paperback) | ||
| 020 | _a9780071163804 (paperback) | ||
| 090 |
_c5295 _d5295 |
||
| 100 | 1 | _aIvancevich, John M. | |
| 245 | 1 | 0 |
_aOrganizational behavior and management / _cJohn M. Ivancevich, Michael T. Matteson, John Ivanevich. |
| 250 | _aInternat.2r.e. ed. | ||
| 260 |
_a[S.l.] : _bMcGraw-Hill Education (ISE Editions), _c1999. |
||
| 300 |
_a704 p. ; _c26 cm. |
||
| 490 | 1 | _aMcgraw-hill international editions. | |
| 500 | _aImport. | ||
| 700 | 1 | _aMatteson, Michael T. | |
| 700 | 1 | _aIvanevich, John. | |
| 830 | 0 | _aMcgraw-hill international editions. | |
| 856 | 4 | 0 |
_3Amazon.com _uhttp://www.amazon.com/exec/obidos/ASIN/0071163808/chopaconline-20 |
| 942 |
_aNBS _cBK _k658.4 IVA |
||
| 999 |
_c347708 _d347708 |
||